<?xml version="1.0" encoding="UTF-8"?>
<record
    xmlns:xsi="http://www.w3.org/2001/XMLSchema-instance"
    xsi:schemaLocation="http://www.loc.gov/MARC21/slim http://www.loc.gov/standards/marcxml/schema/MARC21slim.xsd"
    xmlns="http://www.loc.gov/MARC21/slim">

  <leader>01739nam a2200385 i 4500</leader>
  <datafield tag="999" ind1=" " ind2=" ">
    <subfield code="c">357880</subfield>
    <subfield code="d">357880</subfield>
  </datafield>
  <controlfield tag="001">000000126768</controlfield>
  <controlfield tag="003">IT-MiSPE</controlfield>
  <controlfield tag="005">20180512164214.0</controlfield>
  <controlfield tag="008">080624s2008    it       b   u000 u ita c</controlfield>
  <datafield tag="020" ind1=" " ind2=" ">
    <subfield code="a">9788845260322</subfield>
    <subfield code="c">34.00 EUR</subfield>
  </datafield>
  <datafield tag="035" ind1=" " ind2=" ">
    <subfield code="a">(BNCR)RAV1675779</subfield>
  </datafield>
  <datafield tag="035" ind1=" " ind2=" ">
    <subfield code="a">(IT-RoPUS)126768</subfield>
  </datafield>
  <datafield tag="040" ind1=" " ind2=" ">
    <subfield code="a">IT-MiSPE</subfield>
    <subfield code="b">ita</subfield>
    <subfield code="c">IT-MiSPE</subfield>
  </datafield>
  <datafield tag="041" ind1="1" ind2=" ">
    <subfield code="a">ita</subfield>
    <subfield code="a">fre</subfield>
    <subfield code="h">fre</subfield>
  </datafield>
  <datafield tag="082" ind1="0" ind2="4">
    <subfield code="a">194-REN er sc (23158)</subfield>
  </datafield>
  <datafield tag="100" ind1="1" ind2=" ">
    <subfield code="a">Renan, Ernest.</subfield>
    <subfield code="9">66422</subfield>
    <subfield code="e">autore</subfield>
    <subfield code="4">aut</subfield>
    <subfield code="d">1823-1892</subfield>
  </datafield>
  <datafield tag="245" ind1="1" ind2="0">
    <subfield code="a">Scritti filosofici /</subfield>
    <subfield code="c">Ernest Renan ; a cura di Giuliano Campioni ; introduzione di Giuliano Campioni.</subfield>
  </datafield>
  <datafield tag="260" ind1=" " ind2=" ">
    <subfield code="a">Milano :</subfield>
    <subfield code="b">Bompiani,</subfield>
    <subfield code="c">2008.</subfield>
  </datafield>
  <datafield tag="300" ind1=" " ind2=" ">
    <subfield code="a">1433 p. ;</subfield>
    <subfield code="c">22 cm</subfield>
  </datafield>
  <datafield tag="490" ind1="1" ind2=" ">
    <subfield code="a">Bompiani Il pensiero occidentale</subfield>
  </datafield>
  <datafield tag="504" ind1=" " ind2=" ">
    <subfield code="a">Bio-bibliogr. di E. Renan.</subfield>
  </datafield>
  <datafield tag="505" ind1="0" ind2=" ">
    <subfield code="a">Contiene: Dialoghi e frammenti filosofici ; Esame di coscienza filosofico ; Averro&#xE8; e l'averroismo.</subfield>
  </datafield>
  <datafield tag="546" ind1=" " ind2=" ">
    <subfield code="a">Testo francese con traduzione italiana a fronte.</subfield>
  </datafield>
  <datafield tag="700" ind1="1" ind2=" ">
    <subfield code="9">13082</subfield>
    <subfield code="a">Campioni, Giuliano</subfield>
    <subfield code="e">curatore</subfield>
    <subfield code="4">edt</subfield>
  </datafield>
  <datafield tag="700" ind1="1" ind2=" ">
    <subfield code="a">Franzese, Sergio</subfield>
    <subfield code="e">traduzione e note a Dialoghi e Frammenti filosofici</subfield>
    <subfield code="9">57178</subfield>
  </datafield>
  <datafield tag="700" ind1="1" ind2=" ">
    <subfield code="a">Paone, Domenico</subfield>
    <subfield code="e">traduzione e note a Dialoghi e Frammenti filosofici /Esame di coscienza filosofico</subfield>
    <subfield code="9">57179</subfield>
  </datafield>
  <datafield tag="700" ind1="1" ind2=" ">
    <subfield code="a">Petruzzelli, Francesco</subfield>
    <subfield code="e">Introduzione e traduzione, note e apparati a Averro&#xE8; e l'averroismo</subfield>
    <subfield code="9">57180</subfield>
  </datafield>
  <datafield tag="774" ind1="0" ind2=" ">
    <subfield code="a">Renan, Ernest.</subfield>
    <subfield code="t">Dialogues et Fragments philosophiques, 1876.</subfield>
    <subfield code="d">2008.</subfield>
    <subfield code="w">126771</subfield>
  </datafield>
  <datafield tag="774" ind1="0" ind2=" ">
    <subfield code="a">Renan, Ernest.</subfield>
    <subfield code="t">Examen de conscience philosophique, 1889</subfield>
    <subfield code="d">2008.</subfield>
    <subfield code="w">126772</subfield>
  </datafield>
  <datafield tag="774" ind1="0" ind2=" ">
    <subfield code="a">Renan, Ernest.</subfield>
    <subfield code="t">Averro&#xE8;s et l'averro&#xEF;sme, 1852.</subfield>
    <subfield code="d">2008.</subfield>
    <subfield code="w">126773</subfield>
  </datafield>
  <datafield tag="830" ind1=" " ind2="0">
    <subfield code="a">Pensiero occidentale (Bompiani)</subfield>
    <subfield code="9">57130</subfield>
  </datafield>
  <datafield tag="942" ind1=" " ind2=" ">
    <subfield code="a">IT-MiSPE</subfield>
    <subfield code="c">BK</subfield>
  </datafield>
  <datafield tag="983" ind1=" " ind2="0">
    <subfield code="a">Bompiani Il pensiero occidentale.</subfield>
  </datafield>
  <datafield tag="952" ind1=" " ind2=" ">
    <subfield code="0">0</subfield>
    <subfield code="1">0</subfield>
    <subfield code="2">ddc</subfield>
    <subfield code="4">0</subfield>
    <subfield code="6">194REN_ER_SC_23158</subfield>
    <subfield code="7">1</subfield>
    <subfield code="a">CINISELLO</subfield>
    <subfield code="b">CINISELLO</subfield>
    <subfield code="d">2018-05-12</subfield>
    <subfield code="l">0</subfield>
    <subfield code="o">194-REN er sc (23158)</subfield>
    <subfield code="p">9788845260322</subfield>
    <subfield code="r">2018-05-12 00:00:00</subfield>
    <subfield code="w">2018-05-12</subfield>
    <subfield code="y">BK</subfield>
  </datafield>
</record>
